[Event "Junior Online 4NCL Division 2"]
[Site "online"]
[Date "2020.10.29"]
[Round "6.107"]
[White "Gilmore, Samuel"]
[Black "Ajili, Nour"]
[Result "1-0"]
[WhiteElo "1840"]
[BlackElo "1592"]
[PlyCount "147"]
[EventDate "2020.10.29"]
[WhiteTeam "May The Fork Be With You 1"]
[BlackTeam "KJCA Young Kestrels D"]

1. d4 Nf6 2. c4 e6 3. Nf3 b6 4. g3 Bb7 5. Bg2 d5 6. cxd5 exd5 7. O-O Be7 8. Nc3
O-O 9. Ne5 Bd6 10. Bf4 Re8 11. Qb3 c6 12. Nd3 Ba6 13. Bxd6 Qxd6 14. Ne5 Nbd7
15. Nxd7 Qxd7 16. Rfe1 Qf5 17. Rac1 Re6 18. Qc2 Qh5 19. e3 Rae8 20. Qd1 Qf5 21.
Qf3 Qd3 22. Bf1 Qxd4 23. Bxa6 Qd2 24. Bf1 Qxb2 25. Bh3 Re5 26. Qe2 Qb4 27. Qd3
d4 28. Qb1 Qa5 29. exd4 Rxe1+ 30. Rxe1 Qxc3 31. Rxe8+ Nxe8 32. Qe4 Nf6 33. Qe5
h6 34. Bf5 Qa3 35. Qb8+ Qf8 36. Qxa7 Qd6 37. Qa8+ Qf8 38. Qxc6 Qe7 39. Qxb6 g6
40. Qb8+ Kg7 41. Bd3 Qe1+ 42. Kg2 Ng4 43. Qf4 Nf6 44. a4 Qb4 45. Bb5 Nd5 46.
Qe5+ Nf6 47. d5 Qe4+ 48. Qxe4 Nxe4 49. a5 Nc5 50. a6 Nxa6 51. Bxa6 Kf8 52. Kf3
Ke7 53. Ke4 f6 54. Kd4 Kd6 55. Bd3 f5 56. h3 h5 57. f3 Kd7 58. Ke5 Ke7 59. g4
fxg4 60. fxg4 hxg4 61. hxg4 Kf7 62. d6 Ke8 63. Ke6 g5 64. d7+ Kd8 65. Bh7 Kc7
66. Ke7 Kc6 67. d8=Q Kc5 68. Qd3 Kc6 69. Qd4 Kc7 70. Qc5+ Kb7 71. Kd7 Kb8 72.
Qb5+ Ka7 73. Kc7 Ka8 74. Qa4# 1-0

[Event "Junior Online 4NCL Division 2"]
[Site "online"]
[Date "2020.10.29"]
[Round "6.108"]
[White "Sagar, Aneesh"]
[Black "Yedid, Lior"]
[Result "1-0"]
[WhiteElo "1667"]
[BlackElo "1532"]
[PlyCount "151"]
[EventDate "2020.10.29"]
[WhiteTeam "KJCA Young Kestrels D"]
[BlackTeam "May The Fork Be With You 1"]

1. e4 c5 2. Nf3 Nc6 3. Bb5 e6 4. Bxc6 bxc6 5. O-O d5 6. exd5 cxd5 7. d4 Nf6 8.
Bg5 h6 9. Bxf6 Qxf6 10. c3 g5 11. h3 h5 12. Ne5 Bd6 13. Qa4+ Kd8 14. Qc6 Bxe5
15. dxe5 Qxe5 16. Qxa8 g4 17. h4 g3 18. Nd2 Qf4 19. Nf3 Rg8 20. Qxa7 e5 21.
Qb6+ Ke8 22. Qb5+ Kd8 23. Rad1 d4 24. Qxc5 Bg4 25. Qd5+ Kc8 26. Qxe5 Qxe5 27.
Nxe5 Bxd1 28. Rxd1 gxf2+ 29. Kxf2 dxc3 30. bxc3 Kb7 31. Rd7+ Kb6 32. Rxf7 Re8
33. Nd7+ Kc6 34. Nf6 Ra8 35. Nxh5 Rxa2+ 36. Kf3 Ra3 37. Rf6+ Kd7 38. Rf7+ Ke6
39. Rc7 Kd6 40. Rc4 Kd5 41. Rc8 Kd6 42. Kf4 Kd7 43. Rc4 Kd6 44. g4 Kd5 45. Rc8
Ra4+ 46. Kf5 Ra1 47. g5 Rf1+ 48. Kg6 Rh1 49. Kh6 Rxh4 50. g6 Re4 51. g7 Re6+
52. Kh7 Re7 53. c4+ Ke6 54. Nf4+ Kf5 55. Kh8 Re1 56. g8=Q Rh1+ 57. Qh7+ Rxh7+
58. Kxh7 Kxf4 59. c5 Ke5 60. c6 Kd6 61. Kg7 Ke7 62. Kg8 Kd6 63. Kf8 Ke6 64. Ke8
Kd6 65. Kd8 Ke6 66. c7 Kd6 67. Rb8 Kc6 68. c8=Q+ Kd6 69. Rb7 Ke5 70. Rd7 Ke6
71. Qc1 Kf6 72. Qe1 Kf5 73. Qe8 Kf6 74. Rf7+ Kg6 75. Qg8+ Kh6 76. Rh7# 1-0

[Event "Junior Online 4NCL Division 2"]
[Site "online"]
[Date "2020.10.29"]
[Round "6.111"]
[White "Laza, Andrei"]
[Black "Wang, Nathaniel"]
[Result "1-0"]
[WhiteElo "1292"]
[BlackElo "1262"]
[PlyCount "91"]
[EventDate "2020.10.29"]
[WhiteTeam "Harrow Juniors C"]
[BlackTeam "Robin Hoods 3"]

1. e4 c5 2. Nf3 d6 3. Bb5+ Bd7 4. Bxd7+ Qxd7 5. Nc3 Nf6 6. d3 g6 7. Be3 Bg7 8.
Qd2 O-O 9. Bh6 Bxh6 10. Qxh6 e5 11. Nd5 Nxd5 12. exd5 Re8 13. Ng5 f6 14. Ne6
Rxe6 15. dxe6 Qxe6 16. O-O Nc6 17. c3 Re8 18. f4 c4 19. dxc4 Qxc4 20. fxe5 Rxe5
21. Rfe1 Qc5+ 22. Kh1 Ne7 23. Rxe5 Qxe5 24. Qd2 Nf5 25. Re1 Qc5 26. g3 h5 27.
Kg2 g5 28. b4 Qc6+ 29. Kg1 h4 30. gxh4 gxh4 31. Qg2+ Qxg2+ 32. Kxg2 d5 33. Kh3
Kg7 34. Kg4 Kg6 35. Kf3 Kg5 36. Rd1 a6 37. Rxd5 Kg6 38. Kf4 Ne7 39. Rd7 Ng8 40.
Rxb7 f5 41. Rb6+ Kh5 42. c4 Ne7 43. Rd6 Nc8 44. Rd8 Nb6 45. Kxf5 Nxc4 46. Rh8#
1-0

[Event "Junior Online 4NCL Division 2"]
[Site "online"]
[Date "2020.10.29"]
[Round "6.112"]
[White "Ying, Alexander"]
[Black "Benhamou, Nathan"]
[Result "0-1"]
[WhiteElo "1187"]
[BlackElo "1322"]
[PlyCount "100"]
[EventDate "2020.10.29"]
[WhiteTeam "Robin Hoods 3"]
[BlackTeam "Harrow Juniors C"]

1. e4 e5 2. Nf3 Nc6 3. Bc4 Bc5 4. c3 Nf6 5. d4 exd4 6. cxd4 Bb4+ 7. Nc3 O-O 8.
O-O Bxc3 9. bxc3 Nxe4 10. Re1 Nxc3 11. Qc2 Nxa2 12. Qxa2 Qf6 13. Bb2 d6 14. d5
Nb4 15. Qa3 Nc2 16. Qb3 Nxa1 17. Bxf6 Nxb3 18. Bc3 Nc5 19. Ng5 Bf5 20. Bd4 Rfe8
21. Rxe8+ Rxe8 22. h3 f6 23. Bxc5 dxc5 24. Nf3 Be4 25. Nd2 Bf5 26. g4 Bg6 27.
h4 Bf7 28. d6 Bxc4 29. Nxc4 cxd6 30. Nxd6 Rb8 31. g5 fxg5 32. hxg5 a5 33. f4 a4
34. Nc4 b5 35. Nd2 b4 36. Nc4 a3 37. Kf1 Rf8 38. Na5 Rxf4+ 39. Ke1 a2 40. Nb3
c4 41. Na5 a1=Q+ 42. Ke2 Qxa5 43. Ke3 Qe5+ 44. Kd2 Qc3+ 45. Ke2 Rh4 46. Kf2
Rh2+ 47. Kg1 Ra2 48. Kf1 b3 49. Kg1 b2 50. Kh1 b1=R# 0-1

[Event "Junior Online 4NCL Division 2"]
[Site "online"]
[Date "2020.10.29"]
[Round "6.114"]
[White "Stoyanov, Boris"]
[Black "Cann, Arthur"]
[Result "0-1"]
[WhiteElo "775"]
[BlackElo "1172"]
[PlyCount "122"]
[EventDate "2020.10.29"]
[WhiteTeam "Robin Hoods 3"]
[BlackTeam "Harrow Juniors C"]

1. e4 e5 2. Nf3 Nc6 3. Bc4 Be7 4. d3 Nf6 5. Nc3 d6 6. Nd5 Nxd5 7. Bxd5 Bd7 8.
Be3 O-O 9. Qd2 h6 10. d4 Re8 11. O-O-O Be6 12. Bxe6 fxe6 13. dxe5 Nxe5 14. Nxe5
dxe5 15. Qxd8 Raxd8 16. Rxd8 Rxd8 17. Rd1 Kf7 18. Rxd8 Bxd8 19. Bxa7 b6 20. Bb8
g5 21. Kd2 Ke7 22. a4 Kd7 23. a5 Kc8 24. Ba7 Kb7 25. axb6 cxb6 26. Bxb6 Bxb6
27. f3 Kc7 28. Kd3 Kd7 29. Kc4 Bg1 30. h3 h5 31. b4 Bb6 32. Kb5 Kc7 33. c4 Ba7
34. c5 h4 35. Ka6 Bxc5 36. bxc5 Kc6 37. Ka5 Kxc5 38. Ka4 Kd4 39. Kb5 Ke3 40.
Kc6 Kf2 41. Kd6 Kxg2 42. Kxe5 Kxf3 43. Kd4 g4 44. hxg4 Kxg4 45. Ke5 h3 46. Kxe6
h2 47. e5 h1=Q 48. Kd6 Qd1+ 49. Ke6 Kf4 50. Kf6 Qh5 51. e6 Qe5+ 52. Ke7 Kg5 53.
Kd7 Kf6 54. e7 Qxe7+ 55. Kc6 Qd8 56. Kb7 Qd6 57. Ka8 Qd7 58. Kb8 Ke6 59. Ka8
Kd6 60. Kb8 Kc6 61. Ka8 Qb7# 0-1

[Event "Junior Online 4NCL Division 2"]
[Site "online"]
[Date "2020.10.29"]
[Round "6.115"]
[White "Wang, Nathaniel"]
[Black "Laza, Andrei"]
[Result "0-1"]
[WhiteElo "1262"]
[BlackElo "1292"]
[PlyCount "68"]
[EventDate "2020.10.29"]
[WhiteTeam "Robin Hoods 3"]
[BlackTeam "Harrow Juniors C"]

1. e4 e5 2. Nf3 Nc6 3. d4 exd4 4. Bc4 h6 5. e5 d6 6. exd6 Bxd6 7. O-O Nge7 8.
Re1 O-O 9. c3 d3 10. Qxd3 Ng6 11. Bb3 Re8 12. Rxe8+ Qxe8 13. c4 Be6 14. Be3 Rd8
15. Bc2 Bxh2+ 16. Kxh2 Rxd3 17. Bxd3 Qd7 18. Bc2 Bxc4 19. Nc3 Qd6+ 20. Kh1 Qe7
21. Rd1 Be6 22. g3 Bg4 23. Kg2 Bxf3+ 24. Kxf3 Qf6+ 25. Kg2 a6 26. Ne4 Qxb2 27.
Bb3 Qe5 28. f3 Kh8 29. f4 Qxe4+ 30. Kf2 Qe7 31. f5 Nge5 32. a4 Ng4+ 33. Ke2
Qxe3+ 34. Kf1 Qf2# 0-1

[Event "Junior Online 4NCL Division 2"]
[Site "online"]
[Date "2020.10.29"]
[Round "6.116"]
[White "Benhamou, Nathan"]
[Black "Ying, Alexander"]
[Result "1-0"]
[WhiteElo "1322"]
[BlackElo "1187"]
[PlyCount "41"]
[EventDate "2020.10.29"]
[WhiteTeam "Harrow Juniors C"]
[BlackTeam "Robin Hoods 3"]

1. e4 e5 2. Nf3 Nc6 3. Nc3 Bc5 4. Nxe5 Nxe5 5. d4 Bxd4 6. Qxd4 d6 7. f4 c5 8.
Qa4+ Bd7 9. Qb3 Nc6 10. Bc4 Nf6 11. Bxf7+ Kf8 12. Bd5 Na5 13. Qa3 Nxd5 14. Nxd5
Nc4 15. Qd3 Bb5 16. Nc3 Ba6 17. Qe2 Nxb2 18. Qg4 Qe8 19. Bxb2 Qxe4+ 20. Nxe4
Re8 21. Qxg7# 1-0

[Event "Junior Online 4NCL Division 2"]
[Site "online"]
[Date "2020.10.29"]
[Round "6.118"]
[White "Cann, Arthur"]
[Black "Stoyanov, Boris"]
[Result "1-0"]
[WhiteElo "1172"]
[BlackElo "775"]
[PlyCount "75"]
[EventDate "2020.10.29"]
[WhiteTeam "Harrow Juniors C"]
[BlackTeam "Robin Hoods 3"]

1. d4 d5 2. c4 c6 3. Nc3 Nf6 4. Bg5 e6 5. e3 Be7 6. Nf3 Nbd7 7. Bd3 b5 8. cxb5
cxb5 9. Bxb5 O-O 10. Bxd7 Bxd7 11. Ne5 Bc8 12. Nc6 Qd7 13. Nxe7+ Qxe7 14. Qg4
h6 15. Bxf6 Qxf6 16. O-O e5 17. Qg3 exd4 18. Nxd5 Qe6 19. Nf4 Qe4 20. exd4 Ba6
21. Nh5 g6 22. Nf6+ Kh8 23. Nxe4 Bxf1 24. Rxf1 Rab8 25. b3 Rfe8 26. Rc1 Rxe4
27. Qxb8+ Kg7 28. g3 a5 29. Qc7 a4 30. bxa4 h5 31. Qd7 Kh6 32. Qxf7 Kg5 33.
Rc5+ Kh6 34. Qg8 Re5 35. Qh8+ Kg5 36. Rxe5+ Kg4 37. Kg2 g5 38. h3# 1-0

[Event "Junior Online 4NCL Division 2"]
[Site "online"]
[Date "2020.10.29"]
[Round "6.121"]
[White "Gauri, Dhairye"]
[Black "Holland, Nicolas"]
[Result "1-0"]
[WhiteElo "1510"]
[BlackElo "1172"]
[PlyCount "111"]
[EventDate "2020.10.29"]
[WhiteTeam "Uxbridge Juniors A"]
[BlackTeam "Watford Juniors C"]

1. e4 e6 2. d4 d5 3. exd5 exd5 4. Nc3 Nf6 5. Bg5 c6 6. Nf3 Bd6 7. Be2 O-O 8.
O-O Nbd7 9. a3 Nb6 10. b4 Re8 11. Re1 Qd7 12. Bxf6 gxf6 13. Qd3 Qg4 14. Nd2 Qh4
15. g3 Qg5 16. b5 Bg4 17. Bxg4 Rxe1+ 18. Rxe1 Qxg4 19. bxc6 bxc6 20. Nb3 h5 21.
Nc5 Bxc5 22. dxc5 Nd7 23. Qa6 h4 24. Qxc6 hxg3 25. Qxa8+ Kg7 26. fxg3 Qf3 27.
Nb5 Nxc5 28. Qxa7 Ne6 29. Nd4 Nxd4 30. Qxd4 Qxa3 31. Qg4+ Kf8 32. Qh4 Kg7 33.
Qg4+ Kf8 34. Qc8+ Kg7 35. Qc6 d4 36. Qe4 Qc5 37. Qg4+ Kf8 38. Qe4 d3+ 39. Kg2
dxc2 40. Rc1 Qc3 41. Rxc2 Qa1 42. Rc8+ Kg7 43. Qg4+ Kh7 44. Qg8+ Kh6 45. Qh8+
Kg5 46. h4+ Kf5 47. Qh5+ Ke6 48. Qg4+ Kd5 49. Rd8+ Kc6 50. Qc8+ Kb6 51. Rd6+
Kb5 52. Qc6+ Kb4 53. Qb6+ Kc3 54. Qc5+ Kb3 55. Rb6+ Ka4 56. Qb4# 1-0

[Event "Junior Online 4NCL Division 2"]
[Site "online"]
[Date "2020.10.29"]
[Round "6.122"]
[White "Chadha, Ishaan"]
[Black "Bhat, Advay"]
[Result "0-1"]
[WhiteElo "1142"]
[BlackElo "1285"]
[PlyCount "98"]
[EventDate "2020.10.29"]
[WhiteTeam "Watford Juniors C"]
[BlackTeam "Uxbridge Juniors A"]

1. e4 e5 2. Nc3 Nc6 3. Nf3 Nf6 4. Bc4 h6 5. d3 Bb4 6. Bd2 Bxc3 7. Bxc3 d6 8.
Qd2 O-O 9. O-O Bg4 10. Qe3 Re8 11. h3 Bh5 12. d4 exd4 13. Nxd4 d5 14. exd5 Rxe3
15. fxe3 Nxd4 16. Bxd4 Bg6 17. Rad1 Bxc2 18. Rd2 Bg6 19. Rdf2 Ne4 20. Rf4 Nd2
21. Rc1 Nxc4 22. Rxc4 Qxd5 23. Rc5 Qxa2 24. Rxc7 Qb1+ 25. Kh2 b6 26. Rc6 Qa2
27. g4 Qd5 28. Rc1 Re8 29. Re1 Qd6 30. Ref1 Qd7 31. h4 Bc2 32. Rxf7 Qd6+ 33.
Kh3 g5 34. Rg7+ Kh8 35. Rd7+ Qxd4 36. Rxd4 Rxe3+ 37. Kg2 gxh4 38. Rd8+ Kg7 39.
Rd7+ Kg6 40. Rd6+ Kg5 41. Rf3 Be4 42. Kf2 Rxf3+ 43. Ke2 Kxg4 44. Rd4 Kf4 45.
Kd2 h3 46. Ke1 h2 47. Rd2 h1=Q+ 48. Ke2 Qh2+ 49. Kd1 Rf1# 0-1

[Event "Junior Online 4NCL Division 2"]
[Site "online"]
[Date "2020.10.29"]
[Round "6.123"]
[White "Knight, Samuel"]
[Black "Shah, Prem"]
[Result "1-0"]
[WhiteElo "1300"]
[BlackElo "1157"]
[PlyCount "75"]
[EventDate "2020.10.29"]
[WhiteTeam "Uxbridge Juniors A"]
[BlackTeam "Watford Juniors C"]

1. d4 d5 2. Bf4 Nf6 3. e3 Bf5 4. Nf3 Nc6 5. c3 e5 6. Nxe5 Nxe5 7. Bxe5 Be7 8.
Nd2 O-O 9. Be2 Re8 10. Nf3 Qd7 11. Bd3 Rad8 12. Qc2 Bxd3 13. Qxd3 Bd6 14. Bg3
Bxg3 15. hxg3 g6 16. Ne5 Qe6 17. f4 Ne4 18. g4 Ng3 19. Rh3 Ne4 20. O-O-O Nf2
21. Qe2 Nxd1 22. Qxd1 a5 23. Qh1 Kg7 24. Rxh7+ Kf8 25. Rxf7+ Qxf7 26. Nxf7 Kxf7
27. Qh7+ Kf6 28. Qxc7 Rb8 29. g5+ Kf5 30. Qf7+ Kg4 31. Kd2 Kg3 32. Qxg6 Kxg2
33. Qh5 Kg3 34. Ke2 b5 35. Qf3+ Kh4 36. Kf2 b4 37. Kg2 bxc3 38. Qh3# 1-0

[Event "Junior Online 4NCL Division 2"]
[Site "online"]
[Date "2020.10.29"]
[Round "6.124"]
[White "Birke, Timo"]
[Black "Das, Devorshi"]
[Result "0-1"]
[WhiteElo "1022"]
[BlackElo "1127"]
[PlyCount "68"]
[EventDate "2020.10.29"]
[WhiteTeam "Watford Juniors C"]
[BlackTeam "Uxbridge Juniors A"]

1. e4 e5 2. Nf3 Nc6 3. Nc3 Bc5 4. Nxe5 Nxe5 5. d4 Bxd4 6. Qxd4 Nc6 7. Qc4 Qe7
8. Nd5 Qd8 9. Be2 Nf6 10. e5 Nxd5 11. Qxd5 Qe7 12. e6 dxe6 13. Qd3 O-O 14. b3
Qf6 15. c3 e5 16. O-O Be6 17. Bd1 Rfd8 18. Qb5 Rab8 19. Qa4 a6 20. Rb1 Qg6 21.
g3 Qxb1 22. Bg5 Rxd1 23. Rxd1 Qxd1+ 24. Kg2 Bd5+ 25. Kh3 Qh5+ 26. Qh4 Qxh4+ 27.
Kxh4 f6 28. Be3 g5+ 29. Kh5 Kg7 30. Kg4 Kg6 31. Bc5 f5+ 32. Kh3 b6 33. Ba3 Kh5
34. f4 g4# 0-1

[Event "Junior Online 4NCL Division 2"]
[Site "online"]
[Date "2020.10.29"]
[Round "6.125"]
[White "Holland, Nicolas"]
[Black "Gauri, Dhairye"]
[Result "0-1"]
[WhiteElo "1172"]
[BlackElo "1510"]
[PlyCount "48"]
[EventDate "2020.10.29"]
[WhiteTeam "Watford Juniors C"]
[BlackTeam "Uxbridge Juniors A"]

1. e4 e5 2. Nf3 Nc6 3. Nc3 Nf6 4. Bb5 a6 5. Bxc6 dxc6 6. Nxe5 Bd6 7. Nf3 Bg4 8.
O-O O-O 9. d3 h6 10. Be3 b5 11. h3 Bh5 12. Re1 Qe7 13. Kf1 c5 14. g4 Bg6 15.
Nh2 Bxh2 16. Qf3 Bd6 17. Bf4 Bxf4 18. Qxf4 Bh7 19. e5 Nd7 20. Nd5 Qd8 21. e6
fxe6 22. Qxf8+ Nxf8 23. Rxe6 Nxe6 24. Kg2 Qxd5+ 0-1

[Event "Junior Online 4NCL Division 2"]
[Site "online"]
[Date "2020.10.29"]
[Round "6.126"]
[White "Bhat, Advay"]
[Black "Chadha, Ishaan"]
[Result "1-0"]
[WhiteElo "1285"]
[BlackElo "1142"]
[PlyCount "111"]
[EventDate "2020.10.29"]
[WhiteTeam "Uxbridge Juniors A"]
[BlackTeam "Watford Juniors C"]

1. e4 e5 2. Nf3 Nf6 3. Nxe5 Nc6 4. Nxc6 dxc6 5. Nc3 Be6 6. d3 Bc5 7. Bg5 O-O 8.
e5 Qe7 9. exf6 gxf6 10. Bf4 Kh8 11. d4 Bb4 12. Qe2 Rad8 13. Qe4 f5 14. Qe5+ f6
15. Qe3 Rxd4 16. Qxd4 c5 17. Qe3 Bxc3+ 18. Qxc3 Bf7+ 19. Qe3 Re8 20. Qxe7 Rxe7+
21. Be3 f4 22. O-O-O fxe3 23. fxe3 Rxe3 24. Rd8+ Kg7 25. Rd7 Re1+ 26. Kd2 Re6
27. Bc4 Rd6+ 28. Rxd6 cxd6 29. Bxf7 Kxf7 30. h4 f5 31. Rf1 Kg6 32. Rf4 Kf6 33.
g4 Ke5 34. Rxf5+ Ke6 35. c4 a6 36. Ke3 b5 37. cxb5 axb5 38. b3 d5 39. Rf8 d4+
40. Kd3 Ke5 41. Rb8 b4 42. Rd8 Ke6 43. Kc4 Ke7 44. Rd5 Ke6 45. Rxc5 Kd6 46.
Kxd4 Ke6 47. Rc4 Kf6 48. Rxb4 Ke6 49. a4 Kf6 50. a5 Ke6 51. a6 Kf6 52. a7 Ke6
53. a8=Q Kf6 54. Qc6+ Kf7 55. Rb7+ Kf8 56. Qc8# 1-0

[Event "Junior Online 4NCL Division 2"]
[Site "online"]
[Date "2020.10.29"]
[Round "6.127"]
[White "Shah, Prem"]
[Black "Knight, Samuel"]
[Result "1/2-1/2"]
[WhiteElo "1157"]
[BlackElo "1300"]
[PlyCount "120"]
[EventDate "2020.10.29"]
[WhiteTeam "Watford Juniors C"]
[BlackTeam "Uxbridge Juniors A"]

1. e4 e6 2. d4 d5 3. e5 b6 4. Nc3 Nc6 5. Nf3 g6 6. Bf4 Bg7 7. Bb5 Bb7 8. O-O f6
9. Qd2 fxe5 10. Bxe5 Bxe5 11. Bxc6+ Bxc6 12. Nxe5 Bb7 13. Qf4 Qe7 14. Nb5 a6
15. Nc6 Bxc6 16. Nxc7+ Kd7 17. Nxa8 Bxa8 18. Qb8 Bc6 19. Qxb6 Nf6 20. Qxa6 Qd6
21. Qa7+ Qc7 22. Qxc7+ Kxc7 23. a4 Bb7 24. Rfe1 Ne4 25. b4 Ra8 26. f3 Nc3 27.
Rxe6 Rxa4 28. Rxa4 Nxa4 29. Re7+ Kc6 30. Rxh7 Bc8 31. Rh8 Bf5 32. h4 Kb5 33.
Rb8+ Kc4 34. b5 Kxd4 35. Ra8 Nc5 36. Ra2 Kc3 37. b6 Bxc2 38. Ra5 Kb4 39. Rxc5
Kxc5 40. b7 d4 41. b8=Q d3 42. Qe5+ Kc4 43. Qe4+ Kc3 44. Qe1+ d2 45. Qe3+ Bd3
46. Qc5+ Bc4 47. Qa5+ Kd3 48. Kf2 d1=Q 49. Qd8+ Kc2 50. Qxd1+ Kxd1 51. g4 Kd2
52. Kg3 Ke3 53. h5 g5 54. h6 Bd3 55. Kg2 Kf4 56. Kf2 Bg6 57. Ke2 Bb1 58. Kf2
Bg6 59. Ke2 Bb1 60. Kf2 Bg6 1/2-1/2

[Event "Junior Online 4NCL Division 2"]
[Site "online"]
[Date "2020.10.29"]
[Round "6.128"]
[White "Das, Devorshi"]
[Black "Birke, Timo"]
[Result "1-0"]
[WhiteElo "1127"]
[BlackElo "1022"]
[PlyCount "61"]
[EventDate "2020.10.29"]
[WhiteTeam "Uxbridge Juniors A"]
[BlackTeam "Watford Juniors C"]

1. e4 e5 2. Bc4 Nf6 3. Nc3 Nxe4 4. Nxe4 d5 5. Bxd5 Qxd5 6. Qe2 Bc5 7. c3 b6 8.
d4 exd4 9. cxd4 Qxd4 10. Nxc5+ Be6 11. Qb5+ c6 12. Nxe6 Qe4+ 13. Qe2 Qxe6 14.
Qxe6+ fxe6 15. Nf3 O-O 16. O-O Nd7 17. b3 Nc5 18. Ba3 Rf4 19. Bxc5 bxc5 20.
Rac1 Rf5 21. Rfe1 Re8 22. Rcd1 e5 23. Rd6 e4 24. Nd2 Rfe5 25. Rxc6 e3 26. fxe3
Rxe3 27. Rxe3 Rxe3 28. Rxc5 Re2 29. Nf3 Rxa2 30. Ng5 Ra3 31. Rc8# 1-0

[Event "Junior Online 4NCL Division 2"]
[Site "online"]
[Date "2020.10.29"]
[Round "6.132"]
[White "Wang, Xiaorui"]
[Black "Evans, Ruben"]
[Result "0-1"]
[WhiteElo "1262"]
[BlackElo "1750"]
[PlyCount "48"]
[EventDate "2020.10.29"]
[WhiteTeam "SASCA Sharks"]
[BlackTeam "Rovers United"]

1. e4 e6 2. Nf3 d5 3. Nc3 dxe4 4. Nxe4 b6 5. Bb5+ c6 6. Bf1 Bb7 7. d4 c5 8. c3
Bxe4 9. Bg5 f6 10. Bf4 Bd6 11. Bxd6 Qxd6 12. Bb5+ Bc6 13. Bxc6+ Nxc6 14. Kf1
O-O-O 15. Qd3 cxd4 16. Rd1 e5 17. Ke2 Nge7 18. cxd4 exd4 19. Qa6+ Kb8 20. Rd3
Nd5 21. Nxd4 Nf4+ 22. Ke3 Rhe8+ 23. Kd2 Re2+ 24. Kc3 Qb4# 0-1

[Event "Junior Online 4NCL Division 2"]
[Site "online"]
[Date "2020.10.29"]
[Round "6.133"]
[White "Conway-Lees, Joe"]
[Black "Pennington, Jonathan"]
[Result "1-0"]
[WhiteElo "1525"]
[BlackElo "1075"]
[PlyCount "37"]
[EventDate "2020.10.29"]
[WhiteTeam "Rovers United"]
[BlackTeam "SASCA Sharks"]

1. e4 e5 2. Nf3 Nc6 3. Bb5 Bb4 4. c3 Ba5 5. Bxc6 dxc6 6. d4 exd4 7. Qxd4 Qxd4
8. Nxd4 Nf6 9. O-O O-O 10. e5 c5 11. Nb3 Be6 12. exf6 Bxb3 13. fxg7 Kxg7 14.
axb3 b5 15. Rxa5 c6 16. Ra6 Rae8 17. Rxc6 Re5 18. Bh6+ Kh8 19. Bxf8 1-0

[Event "Junior Online 4NCL Division 2"]
[Site "online"]
[Date "2020.10.29"]
[Round "6.134"]
[White "Shankar, Aryan"]
[Black "Cooper, Dylan E"]
[Result "0-1"]
[WhiteElo "1000"]
[BlackElo "1300"]
[PlyCount "44"]
[EventDate "2020.10.29"]
[WhiteTeam "SASCA Sharks"]
[BlackTeam "Rovers United"]

1. e4 e6 2. d4 d5 3. Nc3 dxe4 4. Nxe4 Nd7 5. Nf3 Ngf6 6. Nxf6+ Nxf6 7. Bg5 c5
8. Bxf6 Qxf6 9. dxc5 Bxc5 10. Bb5+ Ke7 11. h3 Qxb2 12. Bd3 Bb4+ 13. Nd2 Qe5+
14. Be2 Bxd2+ 15. Kf1 Rd8 16. Rb1 b6 17. Bf3 Ba6+ 18. Kg1 Rac8 19. Qe2 Bxe2 20.
Bxe2 Qxe2 21. Kh2 Qxf2 22. Rbf1 Bf4# 0-1

[Event "Junior Online 4NCL Division 2"]
[Site "online"]
[Date "2020.10.29"]
[Round "6.135"]
[White "Harper, Luke"]
[Black "Hirst, Joe"]
[Result "0-1"]
[WhiteElo "1225"]
[BlackElo "1900"]
[PlyCount "66"]
[EventDate "2020.10.29"]
[WhiteTeam "SASCA Sharks"]
[BlackTeam "Rovers United"]

1. d4 f5 2. e4 fxe4 3. Nc3 Nf6 4. Bg5 d5 5. Bxf6 exf6 6. f3 exf3 7. Nxf3 Bb4 8.
Qd2 Bg4 9. O-O-O Nc6 10. Re1+ Ne7 11. Nxd5 Bxd2+ 12. Nxd2 Qxd5 13. Kb1 Qxd4 14.
Nb3 Qf2 15. Bd3 Qxg2 16. Rhg1 Qh3 17. Nd4 O-O-O 18. Nb5 Nc6 19. Rd1 Bxd1 20.
Rxd1 Qxh2 21. Nc3 Qh5 22. Rc1 Ne5 23. Nb5 Nxd3 24. cxd3 Qxb5 25. Ka1 Qxd3 26.
Rb1 f5 27. a3 f4 28. Ka2 f3 29. Rc1 f2 30. Rb1 Qxb1+ 31. Kxb1 f1=Q+ 32. Ka2
Qc4+ 33. Kb1 Rd1# 0-1

[Event "Junior Online 4NCL Division 2"]
[Site "online"]
[Date "2020.10.29"]
[Round "6.136"]
[White "Evans, Ruben"]
[Black "Wang, Xiaorui"]
[Result "1-0"]
[WhiteElo "1750"]
[BlackElo "1262"]
[PlyCount "70"]
[EventDate "2020.10.29"]
[WhiteTeam "Rovers United"]
[BlackTeam "SASCA Sharks"]

1. d4 e6 2. c4 Nc6 3. Nc3 d5 4. Nf3 Bb4 5. e3 dxc4 6. Bxc4 Nf6 7. O-O O-O 8.
Bd2 Qd6 9. Nb5 Qd8 10. Bxb4 Nxb4 11. a3 Nbd5 12. Bxd5 Nxd5 13. e4 Nf6 14. Qc2
c6 15. Nc3 Qd6 16. e5 Qe7 17. exf6 Qxf6 18. Ne4 Qf4 19. Neg5 g6 20. Rae1 Bd7
21. Re4 Qf6 22. Rfe1 Qg7 23. Ne5 Qh6 24. Nxd7 Rfd8 25. Nf6+ Kg7 26. Nfxh7 Rh8
27. R1e3 Rxh7 28. Nxh7 Qxh7 29. Rh3 Qg8 30. Qd2 Rd8 31. Qh6+ Kf6 32. Rf4+ Ke7
33. Qg5+ Ke8 34. Qf6 Qg7 35. Qxg7 Ke7 1-0

[Event "Junior Online 4NCL Division 2"]
[Site "online"]
[Date "2020.10.29"]
[Round "6.137"]
[White "Pennington, Jonathan"]
[Black "Conway-Lees, Joe"]
[Result "0-1"]
[WhiteElo "1075"]
[BlackElo "1525"]
[PlyCount "106"]
[EventDate "2020.10.29"]
[WhiteTeam "SASCA Sharks"]
[BlackTeam "Rovers United"]

1. d4 Nf6 2. c4 e6 3. Bg5 h6 4. Bh4 c5 5. Nf3 g5 6. Bg3 cxd4 7. Qxd4 Nc6 8. Qd3
Bb4+ 9. Nc3 Qa5 10. a3 Bxc3+ 11. Qxc3 Qxc3+ 12. bxc3 Ne4 13. Be5 Nxe5 14. Nxe5
Nxc3 15. e3 Ne4 16. Bd3 Nc5 17. O-O Nxd3 18. Nxd3 d5 19. cxd5 exd5 20. Rac1 Bf5
21. Ne5 O-O 22. g4 Be6 23. Rc7 b6 24. Nc6 Bxg4 25. Nxa7 Rfe8 26. Rfc1 Kf8 27.
Nb5 Rec8 28. Rxc8+ Rxc8 29. Rxc8+ Bxc8 30. Nc7 Be6 31. Na8 b5 32. Nc7 Bd7 33.
Nxd5 Bc6 34. Nb6 Ke7 35. Nc8+ Kd7 36. Nb6+ Kc7 37. Nc8 Kxc8 38. Kf1 Kb7 39. f4
gxf4 40. exf4 Ka6 41. Kf2 Ka5 42. h4 Ka4 43. f5 Kxa3 44. Kg3 b4 45. Kg4 Bd7 46.
Kh5 Bxf5 47. Kxh6 Bg4 48. Kg5 Bd1 49. Kf6 b3 50. Kxf7 b2 51. Kg7 b1=Q 52. h5
Bxh5 53. Kh6 Qg6# 0-1

[Event "Junior Online 4NCL Division 2"]
[Site "online"]
[Date "2020.10.29"]
[Round "6.138"]
[White "Cooper, Dylan E"]
[Black "Shankar, Aryan"]
[Result "1-0"]
[WhiteElo "1300"]
[BlackElo "1000"]
[PlyCount "45"]
[EventDate "2020.10.29"]
[WhiteTeam "Rovers United"]
[BlackTeam "SASCA Sharks"]

1. d4 d5 2. c4 dxc4 3. e3 Nc6 4. Bxc4 Nf6 5. Nc3 a6 6. Nf3 Bf5 7. Qb3 e6 8. Qd1
Bb4 9. O-O O-O 10. Re1 Bg4 11. h3 Bxf3 12. Qxf3 Qd6 13. a3 Bxc3 14. bxc3 b5 15.
Bd3 Na5 16. a4 Nb3 17. Ba3 Nxa1 18. Bxd6 Rfd8 19. Bxc7 Rd7 20. Rxa1 Rxc7 21.
Qxa8+ Rc8 22. Qxc8+ Ne8 23. Qxe8# 1-0

[Event "Junior Online 4NCL Division 2"]
[Site "online"]
[Date "2020.10.29"]
[Round "6.141"]
[White "Lievens, Karel"]
[Black "Nguyen, Ryan"]
[Result "0-1"]
[WhiteElo "1416"]
[BlackElo "1540"]
[PlyCount "68"]
[EventDate "2020.10.29"]
[WhiteTeam "St Benildus"]
[BlackTeam "KJCA Young Kestrels E"]

1. d4 Nf6 2. Nf3 e6 3. e3 b6 4. Bd3 Bb7 5. O-O Be7 6. Re1 O-O 7. e4 d6 8. Bf4
Nbd7 9. c3 c5 10. Qd2 Rc8 11. Na3 a6 12. Nc2 cxd4 13. cxd4 b5 14. a4 Qb6 15.
axb5 axb5 16. Qe2 Bc6 17. Nb4 Rb8 18. Ra6 Qb7 19. Rxc6 Ne8 20. Rcc1 Nc7 21. Nc6
Rbe8 22. Nxe7+ Rxe7 23. Bxd6 Ree8 24. Rxc7 Qb6 25. Rxd7 Qc6 26. Bxb5 Qb6 27.
Bxf8 Rxf8 28. Rc1 Rb8 29. Rcc7 h5 30. Rxf7 Qxb5 31. Qxb5 Rxb5 32. Rxg7+ Kf8 33.
Rb7 Ra5 34. Rgc7 Ra1+ 0-1

[Event "Junior Online 4NCL Division 2"]
[Site "online"]
[Date "2020.10.29"]
[Round "6.142"]
[White "Mann, Lev"]
[Black "Liu, Wenle"]
[Result "1-0"]
[WhiteElo "1510"]
[BlackElo "1162"]
[PlyCount "47"]
[EventDate "2020.10.29"]
[WhiteTeam "KJCA Young Kestrels E"]
[BlackTeam "St Benildus"]

1. e4 e5 2. Nf3 Nc6 3. Bc4 Bc5 4. c3 Nf6 5. d4 exd4 6. cxd4 Bb4+ 7. Bd2 Bxd2+
8. Nbxd2 d5 9. exd5 Nxd5 10. O-O O-O 11. Re1 Nb6 12. Re4 Bf5 13. Rf4 Bg6 14.
Bb3 Re8 15. Nh4 Rf8 16. Nxg6 hxg6 17. Qg4 Qd6 18. Ne4 Qe7 19. Qxg6 Nd7 20. Ng5
Qxg5 21. Qxg5 Rae8 22. Rg4 g6 23. Qxg6+ Kh8 24. Rh4# 1-0